[Event "Stay Safe Play From Home 392"]
[Site "Emanuel Lasker Arena"]
[Date "2020.08.18"]
[Round "8"]
[White "Stefanone"]
[Black "NTBT_DHS"]
[Result "0-1"]
[WhiteElo "1919"]
[BlackElo "2526"]
[PlyCount "42"]
[EventDate "2020.08.18"]
[EventType "swiss (blitz)"]

1. Nf3 {[%emt 0:00:01]} g6 {[%emt 0:00:00]} 2. g3 {[%emt 0:00:00]} Bg7 {[%emt 0:00:00]} 3. Bg2 {[%emt 0:00:00]} Nf6 {[%emt 0:00:00]} 4. d3 {[%emt 0:00:00]} O-O {[%emt 0:00:00]} 5. Nbd2 {[%emt 0:00:00]} d6 {[%emt 0:00:00]} 6. e4 {[%emt 0:00:00]} Nbd7 {[%emt 0:00:00]} 7. O-O {[%emt 0:00:00]} c5 {[%emt 0:00:00]} 8. c3 {[%emt 0:00:00]} Rb8 {[%emt 0:00:00]} 9. Qc2 {[%emt 0:00:01]} b5 {[%emt 0:00:00]} 10. Re1 {[%emt 0:00:01]} a5 {[%emt 0:00:00]} 11. e5 {[%emt 0:00:01]} dxe5 {[%emt 0:00:01]} 12. Nxe5 {[%emt 0:00:00]} Nxe5 {[%emt 0:00:00]} 13. Rxe5 {[%emt 0:00:00]} Qd6 {[%emt 0:00:00]} 14. Nf3 {[%emt 0:00:01]} Nd5 {[%emt 0:00:04]} 15. Re1 {[%emt 0:00:01]} Bf5 {[%emt 0:00:01]} 16. h3 {[%emt 0:00:03]} c4 {[%emt 0:00:00]} 17. Bf1 {[%emt 0:00:02]} Rfc8 {[%emt 0:00:04]} 18. g4 {[%emt 0:00:01]} cxd3 {[%emt 0:00:01]} 19. Bxd3 {[%emt 0:00:02]} Nb4 {[%emt 0:00:00]} 20. gxf5 {[%emt 0:00:04]} Nxc2 {[%emt 0:00:01]} 21. Bxc2 {[%emt 0:00:01]} b4 {[%emt 0:00:00] Stefanone abbandona Stefanone abbandona Stefanone abbandona (Lag: Av=0.55s, max=0.8s) (Lag: Av=0.55s, max=0.8s) (Lag: Av=0.55s, max=0.8s)} 0-1

[Event "Stay Safe Play From Home 392"]
[Site "Emanuel Lasker Arena"]
[Date "2020.08.18"]
[Round "8"]
[White "Trotsky"]
[Black "Lazieri3"]
[Result "0-1"]
[WhiteElo "1604"]
[BlackElo "2075"]
[PlyCount "64"]
[EventDate "2020.08.18"]
[EventType "swiss (blitz)"]

1. d4 {[%emt 0:00:01]} c6 {[%emt 0:00:00]} 2. e3 {[%emt 0:00:01]} d5 {[%emt 0:00:00]} 3. c4 {[%emt 0:00:01]} Nf6 {[%emt 0:00:01]} 4. Nc3 {[%emt 0:00:01]} Bg4 {[%emt 0:00:01]} 5. f3 {[%emt 0:00:01]} Bf5 {[%emt 0:00:01]} 6. c5 {[%emt 0:00:01]} e6 {[%emt 0:00:02]} 7. Bd3 {[%emt 0:00:01]} Bxd3 {[%emt 0:00:01]} 8. Qxd3 {[%emt 0:00:01]} Nbd7 {[%emt 0:00:00]} 9. Bd2 {[%emt 0:00:01]} Be7 {[%emt 0:00:00]} 10. h4 {[%emt 0:00:01]} h5 {[%emt 0:00:02]} 11. Nh3 {[%emt 0:00:01]} g6 {[%emt 0:00:01]} 12. O-O-O {[%emt 0:00:04]} Qc7 {[%emt 0:00:02]} 13. Kb1 {[%emt 0:00:02]} O-O-O {[%emt 0:00:02]} 14. Qc2 {[%emt 0:00:02]} e5 {[%emt 0:00:02]} 15. Rc1 {[%emt 0:00:01]} e4 {[%emt 0:00:03]} 16. Qa4 {[%emt 0:00:03]} Kb8 {[%emt 0:00:03]} 17. Rc2 {[%emt 0:00:06]} Rhg8 {[%emt 0:00:09]} 18. Rhc1 {[%emt 0:00:02]} Bf8 {[%emt 0:00:02]} 19. fxe4 {[%emt 0:00:07]} Nxe4 {[%emt 0:00:01]} 20. Nb5 {[%emt 0:00:03]} Nxd2+ {[%emt 0:00:03]} 21. Ka1 {[%emt 0:00:02]} cxb5 {[%emt 0:00:00]} 22. Qxb5 {[%emt 0:00:02]} Nc4 {[%emt 0:00:01]} 23. b3 {[%emt 0:00:02]} Na3 {[%emt 0:00:03]} 24. Qa4 {[%emt 0:00:02]} Nxc2+ {[%emt 0:00:01]} 25. Rxc2 {[%emt 0:00:01]} Qc6 {[%emt 0:00:01]} 26. Qa3 {[%emt 0:00:02]} Bh6 {[%emt 0:00:01]} 27. b4 {[%emt 0:00:01]} a6 {[%emt 0:00:02]} 28. Ng1 {[%emt 0:00:05]} Rge8 {[%emt 0:00:01]} 29. Ne2 {[%emt 0:00:01]} Rxe3 {[%emt 0:00:01]} 30. Nc3 {[%emt 0:00:01]} Re1+ {[%emt 0:00:02]} 31. Nb1 {[%emt 0:00:02]} Rde8 {[%emt 0:00:02]} 32. Rb2 {[%emt 0:00:02]} Bc1 {[%emt 0:00:02] ' ' ' Âðåìÿ Âðåìÿ (Lag: Av=0.46s, max=0.6s) (Lag: Av=0.46s, max=0.6s) Âðåìÿ (Lag: Av=0.46s, max=0.6s)} 0-1

[Event "Stay Safe Play From Home 392"]
[Site "Emanuel Lasker Arena"]
[Date "2020.08.18"]
[Round "8"]
[White "SashaGrebeniuc"]
[Black "TheCHESSHOUSE"]
[Result "0-1"]
[WhiteElo "1094"]
[BlackElo "2007"]
[PlyCount "56"]
[EventDate "2020.08.18"]
[EventType "swiss (blitz)"]

1. e4 {[%emt 0:00:01]} g6 {[%emt 0:00:01]} 2. Nf3 {[%emt 0:00:01]} Bg7 {[%emt 0:00:00]} 3. Nc3 {[%emt 0:00:01]} d6 {[%emt 0:00:00]} 4. d4 {[%emt 0:00:01]} Nc6 {[%emt 0:00:01]} 5. Be3 {[%emt 0:00:02]} e5 {[%emt 0:00:01]} 6. d5 {[%emt 0:00:02]} Nce7 {[%emt 0:00:01]} 7. Bb5+ {[%emt 0:00:02]} Bd7 {[%emt 0:00:01]} 8. Bxd7+ {[%emt 0:00:02]} Qxd7 {[%emt 0:00:00]} 9. Qd2 {[%emt 0:00:02]} f5 {[%emt 0:00:01]} 10. exf5 {[%emt 0:00:03]} Nxf5 {[%emt 0:00:00]} 11. h3 {[%emt 0:00:03]} Nf6 {[%emt 0:00:02]} 12. Ng5 {[%emt 0:00:03]} O-O {[%emt 0:00:04]} 13. Ne6 {[%emt 0:00:01]} Nxd5 {[%emt 0:00:03]} 14. Nxd5 {[%emt 0:00:03]} Qxe6 {[%emt 0:00:01]} 15. Nxc7 {[%emt 0:00:02]} Qf7 {[%emt 0:00:01]} 16. Nxa8 {[%emt 0:00:01]} Rxa8 {[%emt 0:00:01]} 17. O-O {[%emt 0:00:03]} d5 {[%emt 0:00:02]} 18. c3 {[%emt 0:00:03]} d4 {[%emt 0:00:01]} 19. cxd4 {[%emt 0:00:02]} exd4 {[%emt 0:00:00]} 20. Bg5 {[%emt 0:00:01]} h6 {[%emt 0:00:02]} 21. Bf4 {[%emt 0:00:01]} g5 {[%emt 0:00:00]} 22. Bg3 {[%emt 0:00:02]} Rf8 {[%emt 0:00:04]} 23. Qd3 {[%emt 0:00:05]} Kh8 {[%emt 0:00:03]} 24. Rad1 {[%emt 0:00:03]} a6 {[%emt 0:00:03]} 25. Qd2 {[%emt 0:00:02]} Qg6 {[%emt 0:00:03]} 26. Qe2 {[%emt 0:00:03]} Qb6 {[%emt 0:00:01]} 27. Qc2 {[%emt 0:00:01]} Nxg3 {[%emt 0:00:03]} 28. fxg3 {[%emt 0:00:02]} d3+ {[%emt 0:00:00] Время Время Время (Lag: Av=0.83s, max=1.1s) (Lag: Av=0.83s, max=1.1s) (Lag: Av=0.83s, max=1.1s)} 0-1

[Event "Stay Safe Play From Home 392"]
[Site "Emanuel Lasker Arena"]
[Date "2020.08.18"]
[Round "9"]
[White "NTBT_DHS"]
[Black "SashaGrebeniuc"]
[Result "1-0"]
[WhiteElo "2527"]
[BlackElo "1094"]
[PlyCount "61"]
[EventDate "2020.08.18"]
[EventType "swiss (blitz)"]

1. d4 {[%emt 0:00:01]} d5 {[%emt 0:00:01]} 2. Nc3 {[%emt 0:00:00]} Nf6 {[%emt 0:00:02]} 3. Bg5 {[%emt 0:00:01]} e6 {[%emt 0:00:02]} 4. e4 {[%emt 0:00:01]} Nc6 {[%emt 0:00:01]} 5. e5 {[%emt 0:00:01]} h6 {[%emt 0:00:03]} 6. Bh4 {[%emt 0:00:01]} g5 {[%emt 0:00:02]} 7. Bg3 {[%emt 0:00:00]} Nd7 {[%emt 0:00:02]} 8. h4 {[%emt 0:00:01]} gxh4 {[%emt 0:00:03]} 9. Bxh4 {[%emt 0:00:02]} Be7 {[%emt 0:00:01]} 10. Nf3 {[%emt 0:00:00]} Bxh4 {[%emt 0:00:02]} 11. Rxh4 {[%emt 0:00:00]} Nb6 {[%emt 0:00:02]} 12. Qd2 {[%emt 0:00:01]} Bd7 {[%emt 0:00:01]} 13. Rxh6 {[%emt 0:00:02]} Rxh6 {[%emt 0:00:02]} 14. Qxh6 {[%emt 0:00:00]} Qe7 {[%emt 0:00:02]} 15. Qh8+ {[%emt 0:00:01]} Qf8 {[%emt 0:00:01]} 16. Qxf8+ {[%emt 0:00:01]} Kxf8 {[%emt 0:00:01]} 17. O-O-O {[%emt 0:00:00]} Ke7 {[%emt 0:00:01]} 18. Ne2 {[%emt 0:00:00]} Re8 {[%emt 0:00:02]} 19. Nf4 {[%emt 0:00:01]} Nb4 {[%emt 0:00:04]} 20. a3 {[%emt 0:00:01]} Nc6 {[%emt 0:00:03]} 21. g4 {[%emt 0:00:01]} Kd8 {[%emt 0:00:02]} 22. Ng5 {[%emt 0:00:02]} Rf8 {[%emt 0:00:02]} 23. Nh5 {[%emt 0:00:01]} Na5 {[%emt 0:00:02]} 24. b3 {[%emt 0:00:02]} Nxb3+ {[%emt 0:00:05]} 25. cxb3 {[%emt 0:00:01]} Kc8 {[%emt 0:00:02]} 26. Nf6 {[%emt 0:00:01]} Kb8 {[%emt 0:00:01]} 27. a4 {[%emt 0:00:02]} Bxa4 {[%emt 0:00:02]} 28. bxa4 {[%emt 0:00:01]} Nxa4 {[%emt 0:00:01]} 29. Nd7+ {[%emt 0:00:00]} Ka8 {[%emt 0:00:03]} 30. Nxf8 {[%emt 0:00:00]} Nb6 {[%emt 0:00:01]} 31. Nxf7 {[%emt 0:00:01] Время Время Время (Lag: Av=0.88s, max=1.2s) (Lag: Av=0.88s, max=1.2s) (Lag: Av=0.88s, max=1.2s)} 1-0

[Event "Stay Safe Play From Home 392"]
[Site "Emanuel Lasker Arena"]
[Date "2020.08.18"]
[Round "9"]
[White "Tran Minh Thang"]
[Black "Trotsky"]
[Result "1-0"]
[WhiteElo "2475"]
[BlackElo "1602"]
[PlyCount "77"]
[EventDate "2020.08.18"]
[EventType "swiss (blitz)"]

1. d4 {[%emt 0:00:01]} d5 {[%emt 0:00:01]} 2. Bf4 {[%emt 0:00:00]} e6 {[%emt 0:00:00]} 3. e3 {[%emt 0:00:00]} c5 {[%emt 0:00:01]} 4. c3 {[%emt 0:00:01]} Nc6 {[%emt 0:00:01]} 5. Nd2 {[%emt 0:00:00]} c4 {[%emt 0:00:01]} 6. Ngf3 {[%emt 0:00:01]} Bd6 {[%emt 0:00:01]} 7. Bxd6 {[%emt 0:00:00]} Qxd6 {[%emt 0:00:01]} 8. e4 {[%emt 0:00:00]} f6 {[%emt 0:00:01]} 9. Be2 {[%emt 0:00:01]} Bd7 {[%emt 0:00:02]} 10. O-O {[%emt 0:00:01]} h5 {[%emt 0:00:01]} 11. Qc2 {[%emt 0:00:02]} Nh6 {[%emt 0:00:01]} 12. exd5 {[%emt 0:00:01]} exd5 {[%emt 0:00:01]} 13. Qg6+ {[%emt 0:00:00]} Kd8 {[%emt 0:00:03]} 14. Qxg7 {[%emt 0:00:02]} Kc7 {[%emt 0:00:02]} 15. Qg3 {[%emt 0:00:02]} Qxg3 {[%emt 0:00:03]} 16. hxg3 {[%emt 0:00:00]} Rag8 {[%emt 0:00:01]} 17. Nh4 {[%emt 0:00:02]} Rg5 {[%emt 0:00:02]} 18. Ndf3 {[%emt 0:00:01]} Rg7 {[%emt 0:00:02]} 19. Rfe1 {[%emt 0:00:00]} Rhg8 {[%emt 0:00:01]} 20. Bf1 {[%emt 0:00:01]} Ng4 {[%emt 0:00:01]} 21. Nh2 {[%emt 0:00:02]} f5 {[%emt 0:00:02]} 22. Nxg4 {[%emt 0:00:01]} Rxg4 {[%emt 0:00:02]} 23. Be2 {[%emt 0:00:01]} Re4 {[%emt 0:00:02]} 24. Bxh5 {[%emt 0:00:01]} f4 {[%emt 0:00:02]} 25. Rxe4 {[%emt 0:00:02]} dxe4 {[%emt 0:00:01]} 26. gxf4 {[%emt 0:00:00]} Bg4 {[%emt 0:00:04]} 27. Bxg4 {[%emt 0:00:01]} Rxg4 {[%emt 0:00:02]} 28. g3 {[%emt 0:00:00]} Ne7 {[%emt 0:00:03]} 29. Re1 {[%emt 0:00:01]} e3 {[%emt 0:00:04]} 30. Rxe3 {[%emt 0:00:00]} Kb6 {[%emt 0:00:03]} 31. Rxe7 {[%emt 0:00:01]} Ka6 {[%emt 0:00:01]} 32. Re6+ {[%emt 0:00:01]} b6 {[%emt 0:00:01]} 33. Rg6 {[%emt 0:00:00]} Rxg6 {[%emt 0:00:02]} 34. Nxg6 {[%emt 0:00:00]} Ka5 {[%emt 0:00:01]} 35. f5 {[%emt 0:00:00]} a6 {[%emt 0:00:00]} 36. f6 {[%emt 0:00:00]} b5 {[%emt 0:00:01]} 37. f7 {[%emt 0:00:00]} Ka4 {[%emt 0:00:00]} 38. f8=Q {[%emt 0:00:00]} a5 {[%emt 0:00:00]} 39. Qa3# {[%emt 0:00:00] (Lag: Av=0.57s, max=1.1s) (Lag: Av=0.57s, max=1.1s) (Lag: Av=0.57s, max=1.1s)} 1-0

[Event "Stay Safe Play From Home 392"]
[Site "Emanuel Lasker Arena"]
[Date "2020.08.18"]
[Round "9"]
[White "Mepe_Nika"]
[Black "AChessPlayer"]
[Result "0-1"]
[WhiteElo "2381"]
[BlackElo "2366"]
[PlyCount "110"]
[EventDate "2020.08.18"]
[EventType "swiss (blitz)"]

1. d4 {[%emt 0:00:01]} Nf6 {[%emt 0:00:01]} 2. c4 {[%emt 0:00:00]} d6 {[%emt 0:00:00]} 3. Nc3 {[%emt 0:00:01]} Nbd7 {[%emt 0:00:00]} 4. e4 {[%emt 0:00:01]} e5 {[%emt 0:00:00]} 5. Nf3 {[%emt 0:00:01]} Be7 {[%emt 0:00:00]} 6. g3 {[%emt 0:00:00]} O-O {[%emt 0:00:00]} 7. Bg2 {[%emt 0:00:00]} c6 {[%emt 0:00:00]} 8. O-O {[%emt 0:00:00]} Re8 {[%emt 0:00:01]} 9. Re1 {[%emt 0:00:00]} exd4 {[%emt 0:00:02]} 10. Nxd4 {[%emt 0:00:01]} Bf8 {[%emt 0:00:00]} 11. h3 {[%emt 0:00:01]} Ne5 {[%emt 0:00:00]} 12. b3 {[%emt 0:00:02]} a6 {[%emt 0:00:00]} 13. Bb2 {[%emt 0:00:01]} g6 {[%emt 0:00:01]} 14. f4 {[%emt 0:00:01]} Ned7 {[%emt 0:00:01]} 15. Kh2 {[%emt 0:00:00]} Qc7 {[%emt 0:00:01]} 16. Qd2 {[%emt 0:00:01]} Nc5 {[%emt 0:00:01]} 17. Rad1 {[%emt 0:00:00]} Bg7 {[%emt 0:00:01]} 18. b4 {[%emt 0:00:01]} Ne6 {[%emt 0:00:03]} 19. Nxe6 {[%emt 0:00:01]} Bxe6 {[%emt 0:00:00]} 20. Bf1 {[%emt 0:00:02]} Rad8 {[%emt 0:00:01]} 21. a3 {[%emt 0:00:01]} Bc8 {[%emt 0:00:01]} 22. Ne2 {[%emt 0:00:01]} h5 {[%emt 0:00:01]} 23. Nc3 {[%emt 0:00:06]} b5 {[%emt 0:00:01]} 24. cxb5 {[%emt 0:00:02]} axb5 {[%emt 0:00:00]} 25. Bg2 {[%emt 0:00:01]} Bh6 {[%emt 0:00:03]} 26. Qc2 {[%emt 0:00:01]} h4 {[%emt 0:00:01]} 27. Ne2 {[%emt 0:00:02]} hxg3+ {[%emt 0:00:01]} 28. Kxg3 {[%emt 0:00:01]} Nh5+ {[%emt 0:00:02]} 29. Kh2 {[%emt 0:00:02]} Nxf4 {[%emt 0:00:01]} 30. Qc3 {[%emt 0:00:04]} Re5 {[%emt 0:00:01]} 31. Nxf4 {[%emt 0:00:04]} Bxf4+ {[%emt 0:00:01]} 32. Kh1 {[%emt 0:00:00]} Qe7 {[%emt 0:00:01]} 33. Rf1 {[%emt 0:00:01]} Bh6 {[%emt 0:00:01]} 34. Qxc6 {[%emt 0:00:01]} Bb7 {[%emt 0:00:01]} 35. Qc3 {[%emt 0:00:00]} Bg7 {[%emt 0:00:01]} 36. Rd3 {[%emt 0:00:02]} Rc8 {[%emt 0:00:01]} 37. Qd2 {[%emt 0:00:01]} Rxe4 {[%emt 0:00:01]} 38. Bxg7 {[%emt 0:00:03]} Kxg7 {[%emt 0:00:00]} 39. Rc3 {[%emt 0:00:01]} Re2 {[%emt 0:00:02]} 40. Qd4+ {[%emt 0:00:02]} Kh7 {[%emt 0:00:03]} 41. Bxb7 {[%emt 0:00:01]} Qxb7+ {[%emt 0:00:01]} 42. Rcf3 {[%emt 0:00:05]} Rcc2 {[%emt 0:00:01]} 43. Qxd6 {[%emt 0:00:01]} Rh2+ {[%emt 0:00:01]} 44. Qxh2 {[%emt 0:00:01]} Rxh2+ {[%emt 0:00:00]} 45. Kxh2 {[%emt 0:00:00]} f5 {[%emt 0:00:00]} 46. Kg2 {[%emt 0:00:01]} Qb8 {[%emt 0:00:00]} 47. R1f2 {[%emt 0:00:00]} Qa8 {[%emt 0:00:00]} 48. Re2 {[%emt 0:00:01]} Kh6 {[%emt 0:00:00]} 49. Kf2 {[%emt 0:00:00]} Kg5 {[%emt 0:00:00]} 50. Rd2 {[%emt 0:00:01]} Qa7+ {[%emt 0:00:01]} 51. Kg2 {[%emt 0:00:02]} Qb7 {[%emt 0:00:01]} 52. Kf2 {[%emt 0:00:01]} Qe4 {[%emt 0:00:01]} 53. Rg3+ {[%emt 0:00:00]} Kh5 {[%emt 0:00:01]} 54. Re3 {[%emt 0:00:00]} Qf4+ {[%emt 0:00:01]} 55. Rf3 {[%emt 0:00:00]} Qxd2+ {[%emt 0:00:01] Time Time Time (Lag: Av=0.57s, max=1.1s) (Lag: Av=0.57s, max=1.1s) (Lag: Av=0.57s, max=1.1s)} 0-1

[Event "Stay Safe Play From Home 392"]
[Site "Emanuel Lasker Arena"]
[Date "2020.08.18"]
[Round "9"]
[White "Lamborghini"]
[Black "TheCHESSHOUSE"]
[Result "1-0"]
[WhiteElo "2359"]
[BlackElo "2007"]
[PlyCount "63"]
[EventDate "2020.08.18"]
[EventType "swiss (blitz)"]

1. e4 {[%emt 0:00:02]} c5 {[%emt 0:00:01]} 2. Nf3 {[%emt 0:00:01]} d6 {[%emt 0:00:01]} 3. d4 {[%emt 0:00:00]} cxd4 {[%emt 0:00:00]} 4. Nxd4 {[%emt 0:00:00]} Nf6 {[%emt 0:00:00]} 5. Nc3 {[%emt 0:00:00]} g6 {[%emt 0:00:00]} 6. Be3 {[%emt 0:00:01]} Bg7 {[%emt 0:00:00]} 7. f3 {[%emt 0:00:00]} O-O {[%emt 0:00:00]} 8. Qd2 {[%emt 0:00:00]} Nc6 {[%emt 0:00:00]} 9. Bc4 {[%emt 0:00:01]} Bd7 {[%emt 0:00:00]} 10. Bb3 {[%emt 0:00:00]} Ne5 {[%emt 0:00:01]} 11. O-O-O {[%emt 0:00:01]} Rc8 {[%emt 0:00:01]} 12. Kb1 {[%emt 0:00:01]} a6 {[%emt 0:00:01]} 13. h4 {[%emt 0:00:02]} h5 {[%emt 0:00:01]} 14. Bg5 {[%emt 0:00:03]} Nc4 {[%emt 0:00:02]} 15. Bxc4 {[%emt 0:00:01]} Rxc4 {[%emt 0:00:00]} 16. Nde2 {[%emt 0:00:01]} b5 {[%emt 0:00:01]} 17. g4 {[%emt 0:00:01]} b4 {[%emt 0:00:06]} 18. Bxf6 {[%emt 0:00:03]} bxc3 {[%emt 0:00:03]} 19. Bxc3 {[%emt 0:00:02]} Bxc3 {[%emt 0:00:03]} 20. Nxc3 {[%emt 0:00:00]} Be6 {[%emt 0:00:02]} 21. gxh5 {[%emt 0:00:01]} Qb6 {[%emt 0:00:04]} 22. hxg6 {[%emt 0:00:01]} fxg6 {[%emt 0:00:01]} 23. Rhg1 {[%emt 0:00:01]} Kh7 {[%emt 0:00:03]} 24. h5 {[%emt 0:00:02]} Rf6 {[%emt 0:00:09]} 25. Rxg6 {[%emt 0:00:03]} Rxg6 {[%emt 0:00:02]} 26. hxg6+ {[%emt 0:00:00]} Kg7 {[%emt 0:00:01]} 27. Qh2 {[%emt 0:00:02]} Rxc3 {[%emt 0:00:02]} 28. Qh7+ {[%emt 0:00:02]} Kf6 {[%emt 0:00:01]} 29. Qh8+ {[%emt 0:00:00]} Kg5 {[%emt 0:00:02]} 30. Qxc3 {[%emt 0:00:04]} Qf2 {[%emt 0:00:04]} 31. g7 {[%emt 0:00:01]} Qe2 {[%emt 0:00:02]} 32. Qd3 {[%emt 0:00:01] TheCHESSHOUSE resigns TheCHESSHOUSE resigns TheCHESSHOUSE resigns (Lag: Av=0.61s, max=0.9s) (Lag: Av=0.61s, max=0.9s) (Lag: Av=0.61s, max=0.9s)} 1-0

[Event "Stay Safe Play From Home 392"]
[Site "Emanuel Lasker Arena"]
[Date "2020.08.18"]
[Round "9"]
[White "Lazieri3"]
[Black "IceQueen"]
[Result "0-1"]
[WhiteElo "2078"]
[BlackElo "2377"]
[PlyCount "62"]
[EventDate "2020.08.18"]
[EventType "swiss (blitz)"]

1. e4 {[%emt 0:00:02]} c5 {[%emt 0:00:00]} 2. Nc3 {[%emt 0:00:00]} Nc6 {[%emt 0:00:00]} 3. d3 {[%emt 0:00:00]} g6 {[%emt 0:00:01]} 4. Nf3 {[%emt 0:00:00]} Bg7 {[%emt 0:00:00]} 5. Be3 {[%emt 0:00:00]} d6 {[%emt 0:00:01]} 6. Qd2 {[%emt 0:00:01]} Rb8 {[%emt 0:00:00]} 7. Be2 {[%emt 0:00:01]} b5 {[%emt 0:00:01]} 8. a3 {[%emt 0:00:00]} a5 {[%emt 0:00:01]} 9. Nd1 {[%emt 0:00:01]} b4 {[%emt 0:00:01]} 10. axb4 {[%emt 0:00:00]} axb4 {[%emt 0:00:00]} 11. c3 {[%emt 0:00:01]} bxc3 {[%emt 0:00:01]} 12. bxc3 {[%emt 0:00:00]} Na5 {[%emt 0:00:01]} 13. Qc2 {[%emt 0:00:04]} Be6 {[%emt 0:00:01]} 14. c4 {[%emt 0:00:01]} Bxa1 {[%emt 0:00:02]} 15. Qa4+ {[%emt 0:00:01]} Bd7 {[%emt 0:00:02]} 16. Qxa1 {[%emt 0:00:00]} Nf6 {[%emt 0:00:01]} 17. e5 {[%emt 0:00:01]} dxe5 {[%emt 0:00:01]} 18. Nxe5 {[%emt 0:00:01]} O-O {[%emt 0:00:00]} 19. Nxd7 {[%emt 0:00:00]} Nxd7 {[%emt 0:00:00]} 20. O-O {[%emt 0:00:02]} Nb3 {[%emt 0:00:01]} 21. Qc3 {[%emt 0:00:01]} Nf6 {[%emt 0:00:00]} 22. Bh6 {[%emt 0:00:01]} Re8 {[%emt 0:00:02]} 23. Ne3 {[%emt 0:00:03]} Nd4 {[%emt 0:00:01]} 24. Bd1 {[%emt 0:00:01]} e6 {[%emt 0:00:01]} 25. Nc2 {[%emt 0:00:03]} Nxc2 {[%emt 0:00:03]} 26. Bxc2 {[%emt 0:00:02]} Qd4 {[%emt 0:00:01]} 27. Qa5 {[%emt 0:00:07]} Ng4 {[%emt 0:00:04]} 28. Bg5 {[%emt 0:00:04]} Rb2 {[%emt 0:00:03]} 29. Ba4 {[%emt 0:00:02]} Rxf2 {[%emt 0:00:02]} 30. Bxe8 {[%emt 0:00:09]} Rxf1+ {[%emt 0:00:02]} 31. Kxf1 {[%emt 0:00:01]} Qf2# {[%emt 0:00:00] (Lag: Av=0.50s, max=1.2s) (Lag: Av=0.50s, max=1.2s) (Lag: Av=0.50s, max=1.2s)} 0-1